<?xml version="1.0" encoding="UTF-8"?>
<record
    xmlns:xsi="http://www.w3.org/2001/XMLSchema-instance"
    xsi:schemaLocation="http://www.loc.gov/MARC21/slim http://www.loc.gov/standards/marcxml/schema/MARC21slim.xsd"
    xmlns="http://www.loc.gov/MARC21/slim">

  <leader>01989nam a22002057a 4500</leader>
  <controlfield tag="003">IT-MiCISF</controlfield>
  <controlfield tag="005">20241230131555.0</controlfield>
  <controlfield tag="008">241230b        |||||||| |||| 00| 0 eng d</controlfield>
  <datafield tag="040" ind1=" " ind2=" ">
    <subfield code="c">IT-MiCISF</subfield>
  </datafield>
  <datafield tag="041" ind1=" " ind2=" ">
    <subfield code="a">it</subfield>
  </datafield>
  <datafield tag="100" ind1=" " ind2=" ">
    <subfield code="a">Schirripa Vincenzo</subfield>
    <subfield code="9">61295</subfield>
  </datafield>
  <datafield tag="245" ind1=" " ind2=" ">
    <subfield code="a">Insegnare ai bambini.</subfield>
    <subfield code="b">Una storia della formazione di maestre e maestri in Italia</subfield>
  </datafield>
  <datafield tag="260" ind1=" " ind2=" ">
    <subfield code="a">Roma, </subfield>
    <subfield code="b">Carocci, </subfield>
    <subfield code="c">2022</subfield>
  </datafield>
  <datafield tag="300" ind1=" " ind2=" ">
    <subfield code="a">pp. 134</subfield>
  </datafield>
  <datafield tag="500" ind1=" " ind2=" ">
    <subfield code="a">scuola,  formazione, storia, societ&#xE0;, legislazione</subfield>
  </datafield>
  <datafield tag="520" ind1=" " ind2=" ">
    <subfield code="a">Che cosa serve per insegnare ai bambini e alle bambine? Quella dei maestri e delle maestre &#xE8; una vocazione o una professione? La loro bravura &#xE8; una questione di pedagogia o di cultura generale e preparazione disciplinare? Dalla patente per insegnare e dalle scuole normali ottocentesche, passando per l'istituto magistrale di epoca fascista e repubblicana, in Italia si &#xE8; giunti alla laurea per maestri e maestre solo venticinque anni fa. I corsi universitari in Scienze della formazione primaria sono stati un riconoscimento tardivo di una categoria che si &#xE8; costruita da s&#xE9; una preparazione superiore a quella che gran parte della societ&#xE0; si aspettava. Le universit&#xE0; si sono trovate a rispondere a una nuova domanda di formazione e di istituzionalizzazione di saperi altri: un'occasione, ma anche una grande responsabilit&#xE0;. Il libro ripercorre la storia dell'istruzione normale e magistrale nell'Italia unita e si sofferma sui suoi sviluppi pi&#xF9; recenti e meno studiati, con un'attenzione ai diversi mondi cui gli insegnanti appartengono. Attingendo a fonti ulteriori rispetto a quelle loro prescritte, maestre e maestri hanno saputo anche coltivare modi esigenti di stare accanto ai bambini. Ma non ci sono esperti che bastino: per le societ&#xE0; contemporanee, che hanno affidato loro questo compito, un'attenzione pi&#xF9; evoluta verso i piccoli della specie &#xE8; un esercizio ancora urgente di intelligenza collettiva.</subfield>
  </datafield>
  <datafield tag="650" ind1=" " ind2=" ">
    <subfield code="a">Scuola</subfield>
  </datafield>
  <datafield tag="654" ind1=" " ind2=" ">
    <subfield code="a">saggio</subfield>
  </datafield>
  <datafield tag="942" ind1=" " ind2=" ">
    <subfield code="2">ddc</subfield>
    <subfield code="c">BK</subfield>
  </datafield>
  <datafield tag="999" ind1=" " ind2=" ">
    <subfield code="c">360327</subfield>
    <subfield code="d">360327</subfield>
  </datafield>
  <datafield tag="952" ind1=" " ind2=" ">
    <subfield code="0">0</subfield>
    <subfield code="1">0</subfield>
    <subfield code="2">ddc</subfield>
    <subfield code="4">0</subfield>
    <subfield code="6">B_7862_000000000000000</subfield>
    <subfield code="7">1</subfield>
    <subfield code="a">CISF</subfield>
    <subfield code="b">CISF</subfield>
    <subfield code="d">2024-12-30</subfield>
    <subfield code="l">0</subfield>
    <subfield code="o">B7862</subfield>
    <subfield code="r">2024-12-30 13:16:14</subfield>
    <subfield code="w">2024-12-30</subfield>
    <subfield code="y">BK</subfield>
  </datafield>
</record>
